000 00663nam a2200229Ia 4500
003 OSt
005 20220918181111.0
006 a|||||r|||| 00| 0
007 ta
008 220917b |||||||| |||| 00| 0 eng d
024 _a25,477
037 _cTextual
040 _aARTS
_cARTS
_beng
041 _2eng
_aeng
082 _aO111,1L70:g, M6
100 _aDavies Hugh Sykes
_956049
245 0 _aWordsworth and the worth of words ed by John Kerrigan and Jonathan Hugh Sykes Davies
260 _aCambridge
_bCUP
_c1986
300 _axii,424p.
_ccm.
942 _hO111,1L70:g, M6
_cTEXL
_2CC
999 _c164359
_d164359